| 000 | 01207pam a2200373 a 4500 | ||
|---|---|---|---|
| 999 |
_c356 _d356 |
||
| 001 | 017266859 | ||
| 003 | UkOxU | ||
| 005 | 20190807095605.0 | ||
| 008 | 100517s2010 enka bd 000 0 eng d | ||
| 015 |
_aGBB062821 _2bnb |
||
| 016 | 7 |
_a015556884 _2Uk |
|
| 020 | _a9781408123683 (pbk.) : | ||
| 020 | _a1408123681 (pbk.) : | ||
| 035 | _a(Uk)015556884 | ||
| 040 |
_aStDuBDS _beng _cStDuBDS _dUk |
||
| 042 | _aukblsr | ||
| 082 | 0 | 4 |
_a613.710 BLA _222 |
| 245 | 0 | 0 |
_aBlack's dictionary of physical education and school sport / _cby Gareth Williams ... [et al.]. |
| 260 |
_aLondon : _bA. & C. Black, _cc2010. |
||
| 300 |
_a216 p. : _bill. ; _c24 cm. |
||
| 336 |
_atext _2rdacontent |
||
| 337 |
_aunmediated _2rdamedia |
||
| 338 |
_avolume _2rdacarrier |
||
| 500 |
_aFormerly CIP. _5Uk |
||
| 504 | _aIncludes bibliographical references. | ||
| 650 | 0 |
_aPhysical education and training _vDictionaries. |
|
| 650 | 0 |
_aPhysical education and training _xStudy and teaching _vDictionaries. |
|
| 700 | 1 |
_aWilliams, Gareth, _d1960- _eauthor |
|
| 700 | 1 |
_aPinder, Sarah _eauthor |
|
| 700 | 1 |
_aThomson, Alan _eauthor |
|
| 700 | 1 |
_aWilliams, Dean _eauthor |
|
| 942 |
_2ddc _cNFIC |
||